Improve Your English / (Record no. 8259)

000 -LEADER
fixed length control field 00578nam a2200193 a 4500
003 - CONTROL NUMBER IDENTIFIER
control field PK-NaQUE
005 - DATE AND TIME OF LATEST TRANSACTION
control field 20250506121406.0
008 - FIXED-LENGTH DATA ELEMENTS--GENERAL INFORMATION
fixed length control field 250506b ||||| |||| 00| 0 eng d
020 ## - INTERNATIONAL STANDARD BOOK NUMBER
International Standard Book Number 0852851022 (paperback)
020 ## - INTERNATIONAL STANDARD BOOK NUMBER
International Standard Book Number 9780852851029 (paperback)
040 ## - CATALOGING SOURCE
Transcribing agency QUEST
100 1# - MAIN ENTRY--PERSONAL NAME
Personal name Birley, Rosalind.
245 10 - TITLE STATEMENT
Title Improve Your English /
260 ## - PUBLICATION, DISTRIBUTION, ETC. (IMPRINT)
Place of publication, distribution, etc [S.l.] :
Name of publisher, distributor, etc Dorling Kindersley Publishers Ltd,
Date of publication, distribution, etc 1999.
300 ## - PHYSICAL DESCRIPTION
Extent 144 p. ;
650 ## - SUBJECT ADDED ENTRY--TOPICAL TERM
Topical term or geographic name as entry element English Language study and Teachings
856 40 - ELECTRONIC LOCATION AND ACCESS
Uniform Resource Identifier http://10.10.170.122:8080/browse/book/27204
Link text Download eBook
942 ## - ADDED ENTRY ELEMENTS (KOHA)
Koha item type Books
Source of classification or shelving scheme
Holdings
Withdrawn status Lost status Damaged status Not for loan Collection code Permanent Location Current Location Date acquired Full call number Barcode Date last seen Koha item type Price effective from Cost, normal purchase price
          Central Library, QUEST, Nawabshah Central Library, QUEST, Nawabshah 2014-07-20 428BIR 24327 2014-07-20 Books 2014-07-20  
        Reference Reference Section Reference Section 2014-07-20 428BIR (Shelf - 25A) 24326 2014-07-20 Books    
        Reference Reference Section Reference Section 2014-08-13 428BIR (Shelf - 25A) 21054 2014-08-13 Books   86.35

Copyright © 2018,The QUEST, Nawabshah, Shaheed Benazirabad. All rights reserved
Mr. G. Farooq Channar (Librarian) QUEST, Nawabshah, Sindh, Pakistan 67480.
 Ph#: |   0244-9370381-4 Ext. 2308   Email| lib@quest.edu.pk   Web|  http://www.quest.edu.pk